Gaming Quiz

Random Gaming or Pokémon Quiz

Poison Type Pokemon Quiz Stats

Quiz not verified by Sporcle

Challenge
Share
Tweet
Embed
Score 0/58 Timer 15:00
0 Plays Today
Hint Answer % Correct
Koffing
88.5%
Weezing
88.5%
Bulbasaur
88.5%
Ivysaur
88.5%
Venusaur
88.5%
Ekans
80.8%
Arbok
80.8%
Nidoran♀
80.8%
Nidoran♂
80.8%
Nidorina
76.9%
Grimer
76.9%
Muk
76.9%
Weedle
76.9%
Kakuna
76.9%
Beedrill
76.9%
Oddish
76.9%
Gloom
76.9%
Vileplume
76.9%
Venonat
76.9%
Venomoth
76.9%
Bellsprout
76.9%
When holding a Toxic Plate`Arceus
76.9%
Nidorino
73.1%
Nidoking
73.1%
Nidoqueen
73.1%
Croagunk
73.1%
Toxicroak
73.1%
Weepinbell
73.1%
Victreebel
73.1%
Hint Answer % Correct
Zubat
69.2%
Golbat
69.2%
Crobat
69.2%
Stunky
65.4%
Skuntank
65.4%
Tentacool
65.4%
Tentacruel
65.4%
Gengar
65.4%
Seviper
61.5%
Trubbish
61.5%
Garbodor
61.5%
Drapion
61.5%
Gastly
61.5%
Haunter
61.5%
Gulpin
57.7%
Swalot
57.7%
Spinarak
57.7%
Ariados
57.7%
Qwilfish
53.8%
Scolipede
50%
Venipede
46.2%
Whirlipede
46.2%
Roselia
42.3%
Budew
42.3%
Roserade
42.3%
Foongus
42.3%
Amoonguss
42.3%
Skrelp
26.9%
Dustoxs
3.8%

You're not logged in!

Compare scores with friends on all Sporcle quizzes.
Join for Free
OR
Log In

You Might Also Like...

Show Comments

Extras

Top Quizzes Today


Score Distribution

Your Account Isn't Verified!

In order to create a playlist on Sporcle, you need to verify the email address you used during registration. Go to your Sporcle Settings to finish the process.

Report this User

Report this user for behavior that violates our Community Guidelines.

Details: